| 000 | 03127cam a2200325 a 4500 | ||
|---|---|---|---|
| 003 | EG-GiCUC | ||
| 005 | 20250223031322.0 | ||
| 008 | 151018s2015 ua f m 000 0 ara d | ||
| 040 |
_aEG-GiCUC _bara _cEG-GiCUC |
||
| 041 | 0 | _aara | |
| 049 | _aايداع | ||
| 097 | _aدكتوراه | ||
| 099 | _aCai01.04.04.Ph.D.2015.مح.و | ||
| 100 | 0 | _aمحمود فخرالدين عثمان | |
| 245 | 1 | 0 |
_aوسائل حماية البيئة فى ضوء قانون المرافعات : _bدراسة تحليلية تطبيقية مقارنة / _cمحمود فخرالدين عثمان ؛ إشراف أسامة أحمد شوقى المليجى |
| 246 | 1 | 5 |
_aMeans of protecting the environment in view of code of pleadings : _bComparative applied statistical study |
| 260 |
_aالقاهرة : _bمحمود فخرالدين عثمان : _c2015 |
||
| 300 |
_a343 ص ؛ _c25سم |
||
| 502 | _aاطروحة (دكتوراه) - جامعة القاهرة - كلية الحقوق - قسم القانون الخاص | ||
| 520 | _aانشغل الفكر العالميى - منذ سنواتٍ خلت - بضرورةِ الحفاظِ على البيئةِ من التلوثِ و استنزاف مواردها: و لاشك أنَّ البيئة - بوصفها تراثًا هامًّا للإنسانية - تستحق كل اهتمام: و لاسيما بعدما أثبتت الدراسات العلمية أن الإنسان يواجهُ اليومَ مشاكلَ متعددة تهدد حياته: إلا أن أخطر و أشد هذه المشكلات تتمثل فى مشكلة التلوث البيئى. من ناحية ثانية تتسم مشكلة الأضرار الناجمة عن تلوث البيئة بكونها من المشكلات المعقدة و الدقيقة التى تثير عدة صعوبات عند رفع الدعوى القضائية. و من هنا فقد آثرت أن أتناول هذا الموضوع بجوانبه المختلفة بدءًا من الرقابة البيئية: ومرورًا بنظر الدعوى أمام المحكمة المختصة: و وصولاً بصدور الحكم فيه: و تنفيذه: و ذلك على ضوء التشريعات المتعلقة بحماية البيئة: و ذلك بغية تسليط الضوء على بعض المشكلات الإجرائية التى تثيرها الدعوى البيئية: و ذلك رغبة منا فى أن يسهم بحثنا فى تحديد السبل القانونية التى تسهم فى حل المشكلات التى تظهر عند رفع الدعوى البيئية: بحيث تتلاءم هذه الوسائل مع المشكلات البيئية ذات الطبيعة الخاصة: و لا تتعارض مع مبادئ العدالة | ||
| 530 | _aصدر ايضا كقرص مدمج | ||
| 653 | 4 | _aالتلوث | |
| 653 | 4 | _aقانون المرافعات | |
| 653 | 4 | _aوسائل حماية البيئة | |
| 700 | 0 |
_aأسامة أحمد شوقى المليجى : _eمشرف |
|
| 856 | _uhttp://172.23.153.220/th.pdf | ||
| 905 |
_aNazla _eRevisor |
||
| 905 |
_aSamia _eCataloger |
||
| 942 |
_2ddc _cTH |
||
| 999 |
_c52807 _d52807 |
||